Estudios de derecho constitucional /

Contenido: Economía y derecho; El Congreso Constituyente de 1916-1917; División de poderes y forma de gobierno en la constitución de Apatzingán; La división de poderes en la entidades de la federación mexicana; Notas sobre el presidencialismo en la Constitución Mexicana; Reformas a la constitución e...

Popoln opis

Shranjeno v:
Bibliografske podrobnosti
Glavni avtor: Madrid Hurtado, Miguel de la (autor)
Drugi avtorji: Fix-Zamudio, Héctor (presentación) (presentación)
Format: Knjiga
Jezik:španščina
Izdano: México : UNAM, Instituto de Investigaciones Jurídicas, 1977, c1977
Serija:(Serie G. Estudios Doctrinales ; 24)
Teme:
Oznake: Označite
Brez oznak, prvi označite!

MARC

LEADER 00000nam^a2200000^a^4500
001 000185832
005 20250521000000.0
009 20260310102205.562
037 |a Acervo ITESO - Biblioteca 
041 |a ESP 
082 |a 342. 72  |b MAD 
100 |a Madrid Hurtado, Miguel de la  |e (autor) 
245 1 0 |a Estudios de derecho constitucional /  |c M. de la Madrid, Hurtado ; presen. de H. Fix-Zamudio. 
264 4 |a México :  |b UNAM, Instituto de Investigaciones Jurídicas,  |c 1977, c1977 
300 |a 167 p. 
336 |a texto  |b txt  |2 rdacontenido 
337 |a sin mediación  |b n  |2 rdamedio 
338 |a volumen  |b nc  |2 rdasoporte 
440 1 |a (Serie G.  |p Estudios Doctrinales ;  |v 24) 
520 |a Contenido: Economía y derecho; El Congreso Constituyente de 1916-1917; División de poderes y forma de gobierno en la constitución de Apatzingán; La división de poderes en la entidades de la federación mexicana; Notas sobre el presidencialismo en la Constitución Mexicana; Reformas a la constitución en materia de representación. 
649 |a XX 
650 |a Soberanía -  |z México 
650 |a Separación de Poderes -  |z México 
650 |a Presidencialismo -  |z México 
650 |a Sistema Político -  |z México 
650 |a Reforma Constitucional -  |z México 
650 |a Derecho Constitucional -  |x Teoría 
650 |a Derecho Constitucional -  |z México 
650 |a Derecho Público -  |z México 
700 |a Fix-Zamudio, Héctor  |e (presentación) 
910 |a Fondo General 
920 |a Impresos - Libros 
930 |a Colección General 
905 |a 101 
901 |a 0500127217  |b IT1  |c ACC  |u 20250521 
902 |a https://opac.biblio.iteso.mx/vufind/Record/000185832